Educational research, (Record no. 20681)
[ view plain ]
| 000 -LEADER | |
|---|---|
| fixed length control field | 00852cam a22002651 4500 |
| 001 - CONTROL NUMBER | |
| control field | e 24000049 |
| 003 - CONTROL NUMBER IDENTIFIER | |
| control field | DLC |
| 005 - DATE AND TIME OF LATEST TRANSACTION | |
| control field | 20260227111215.0 |
| 008 - FIXED-LENGTH DATA ELEMENTS--GENERAL INFORMATION | |
| fixed length control field | 780718s1923 dcu 000 0 eng |
| 010 ## - LIBRARY OF CONGRESS CONTROL NUMBER | |
| LC control number | e 24000049 |
| 035 ## - SYSTEM CONTROL NUMBER | |
| System control number | (OCoLC)4060487 |
| 040 ## - CATALOGING SOURCE | |
| Original cataloging agency | DLC |
| Transcribing agency | DNIE |
| Modifying agency | DLC |
| 050 00 - LIBRARY OF CONGRESS CALL NUMBER | |
| Classification number | L111 |
| Item number | .A6 1923, no. 42 |
| 051 ## - LIBRARY OF CONGRESS COPY, ISSUE, OFFPRINT STATEMENT | |
| Classification number | LB1028 |
| Item number | .B3 |
| 100 1# - MAIN ENTRY--PERSONAL NAME | |
| Personal name | Baldwin, Bird T. |
| Fuller form of name | (Bird Thomas), |
| Dates associated with a name | 1875-1928. |
| 245 10 - TITLE STATEMENT | |
| Title | Educational research, |
| Statement of responsibility, etc. | by Bird T. Baldwin, assisted by Madorah Smith. |
| 260 ## - PUBLICATION, DISTRIBUTION, ETC. | |
| Place of publication, distribution, etc. | Washington, |
| Name of publisher, distributor, etc. | Govt. print. off., |
| Date of publication, distribution, etc. | 1923. |
| 300 ## - PHYSICAL DESCRIPTION | |
| Extent | iii, 76 p. |
| Dimensions | 23 cm. |
| 410 10 - SERIES STATEMENT/ADDED ENTRY--CORPORATE NAME [OBSOLETE, CAN/MARC], [LOCAL, USA] | |
| Corporate name or jurisdiction name as entry element | United States. |
| Subordinate unit | Bureau of Education. |
| Title of a work | Bulletin, |
| Volume number/sequential designation | 1923, no. 42. |
| 500 ## - GENERAL NOTE | |
| General note | At head of title: Department of interior... |
| 504 ## - BIBLIOGRAPHY, ETC. NOTE | |
| Bibliography, etc. note | Bibliography: p. 52-76. |
| 650 #0 - SUBJECT ADDED ENTRY--TOPICAL TERM | |
| Topical term or geographic name entry element | Research. |
| 650 #0 - SUBJECT ADDED ENTRY--TOPICAL TERM | |
| Topical term or geographic name entry element | Education. |
| 700 1# - ADDED ENTRY--PERSONAL NAME | |
| Personal name | Smith, Madorah, |
| Relator term | joint author. |
No items available.